Statistiques concernant Les coéquipiers de Hugo Lloris à Tottenham

Cliquez ici pour prendre le quiz!

Statistiques générales

  • Ce quiz a été pris 59 fois
  • Le résultat moyen est 27 sur 90

Statistiques - réponses

SaisonsNationalitéJoueurNombre de matchsPoste% Correct
2013-2023AngleterreHarry Kane337A
98%
2015-2023Corée du SudHeung-min Son288A
98%
2013-2020DanemarkChristian Eriksen243M
87%
2012-2020BelgiqueJan Vertonghen244D
81%
2015-2021BelgiqueToby Alderweireld189D
74%
2014-2023AngleterreEric Dier291D
72%
2017-2023BrésilLucas Moura157A
72%
2012-2013, 2020-2021Pays de GallesGareth Bale54A
70%
2015-2022AngleterreDele Alli198M
69%
2016-2021FranceMoussa Sissoko154M
69%
2014-2023Pays de GallesBen Davies234D
63%
2012-2017AngleterreKyle Walker144D
63%
2012-2019BelgiqueMousa Dembélé195M
63%
2017-2021Côte d'IvoireSerge Aurier77D
61%
2013-2021ArgentineErik Lamela205A
59%
2019-2022ArgentineGiovani Lo Celso53M
57%
2022-2023BrésilRicharlison18A
57%
2021-2023ArgentineCristian Romero48D
56%
2021-2023SuèdeDejan Kulusevski39A
56%
2020-2023DanemarkPierre-Emile Højbjerg118M
56%
2019-2022FranceTanguy Ndombélé65M
56%
2013-2020AngleterreDanny Rose144D
54%
2017-2023ColombieDavinson Sánchez148D
54%
2021-2023UruguayRodrigo Bentancur41M
54%
2015-2019AngleterreKieran Trippier86D
52%
2014-2022AngleterreHarry Winks149M
44%
2021-2023BrésilEmerson Royal59D
43%
2016-2020KenyaVictor Wanyama76M
41%
2017-2019EspagneFernando Llorente47A
39%
2022-2023CroatieIvan Perisic30A
39%
2012-2015TogoEmmanuel Adebayor61A
37%
2022-2023SénégalPape Matar Sarr5M
37%
2019-2022Pays-BasSteven Bergwijn71A
37%
2022-2023MaliYves Bissouma22M
35%
2018-2019, 2021-2023AngleterreOliver Skipp49M
31%
2022-2023EspagnePedro Porro4D
31%
2021-2023EspagneBryan Gil18A
30%
2022-2023FranceClément Lenglet20D
30%
2012-2014IslandeGylfi Sigurdsson56M
30%
2013-2016AlgérieNabil Bentaleb54M
28%
2019-2020, 2021-2023AngleterreRyan Sessegnon39M
28%
2020-2022EspagneSergio Reguilón61D
28%
2020-2023IrlandeMatt Doherty53D
26%
2013-2016BelgiqueNacer Chadli99A
24%
2016-2017, 2018-2019Pays-BasVincent Janssen32A
24%
2012-2013Etats-UnisClint Dempsey28A
20%
2019-2023AngleterreJaphet Tanganga29D
20%
2020-2021BrésilCarlos Vinícius15A
19%
2012-2014AngleterreJermain Defoe46A
19%
2015-2016CamerounClinton N'Jie13A
17%
2016-2019CamerounGeorges-Kevin N'Koudou16A
17%
2020-2022Pays de GallesJoe Rodon16D
17%
2013-2015BrésilPaulinho50M
17%
2012-2013FranceWilliam Gallas9D
15%
2013-2015FranceYounès Kaboul28D
15%
2022-2023Pays-BasArnaut Danjuma2A
13%
2014-2015FranceBenjamin Stambouli16M
13%
2020-2021PortugalGedson Fernandes10M
13%
2017-2020AngleterreKyle Walker-Peters13D
13%
2013-2015EspagneRoberto Soldado61A
13%
2020-2022AngleterreDane Scarlett3A
11%
2012-2013CamerounBenoît Assou-Ekotto12D
9%
2013-2015FranceÉtienne Capoue28M
9%
2014-2015ArgentineFederico Fazio23D
9%
2012-2013, 2014-2016AngleterreRyan Mason58M
9%
2022-2023AngleterreDjed Spence4D
7%
2022-2023AngleterreHarvey White1M
7%
2012-2013, 2015-2016AngleterreTom Carroll35M
7%
2013-2015RoumanieVlad Chiricheș32D
7%
2012-2015AngleterreAaron Lennon74A
6%
2015-2017AutricheKevin Wimmer21D
6%
2019-2020AngleterreMalachi Fagan-Walcott1D
6%
2012-2014BrésilSandro38M
4%
2012-2016AngleterreAndros Townsend62A
2%
2017-2018ChypreAnthony Georgiou1M
2%
2015-2017AngleterreJosh Onomah20M
2%
2018-2019ArgentineJuan Foyth13D
2%
2012-2015AllemagneLewis Holtby30M
2%
2018-2019AngleterreLuke Amos1M
2%
2012-2013Sierra LeoneSteven Caulker17D
2%
2013-2014, 2015-2016AngleterreAlex Pritchard2M
0%
2016-2017SlovaquieFilip Lesniak1M
0%
2012-2013EspagneIago Falque4A
0%
2012-2013AngleterreJake Livermore8M
0%
2012-2015AngleterreKyle Naughton52D
0%
2012-2014AngleterreMichael Dawson63D
0%
2013-2015SerbieMilos Veljkovic3D
0%
2012-2013AngleterreScott Parker20M
0%
2012-2013AngleterreTom Huddlestone16M
0%
2013-2014AngleterreZeki Fryers11D
0%

Distribution des résultats

Percentile par nombre de réponses

% des personnes avec chaque résultat

Votre développement - résultats

Vous n’avez pas pris ce quiz